<?xml version="1.0" encoding="UTF-8"?>
<collection xmlns="http://www.loc.gov/MARC21/slim">
 <record>
  <leader>00934pamaa2200157   4500</leader>
  <controlfield tag="001">0000028373</controlfield>
  <controlfield tag="005">20110107090000.0</controlfield>
  <datafield tag="020" ind1="0" ind2="0">
   <subfield code="a">[ nil ] </subfield>
  </datafield>
  <datafield tag="090" ind1="0" ind2="0">
   <subfield code="a">HD29 </subfield>
   <subfield code="b">SEM 2000</subfield>
  </datafield>
  <datafield tag="245" ind1="0" ind2="0">
   <subfield code="a">SEMINAR On challenges for sustained recovery and growth : </subfield>
   <subfield code="b">the Malaysian economy in the dawn of the new millenium  </subfield>
   <subfield code="c">organised by Faculty of Economics and Administration University Malaysia on 4-5 April 2000.</subfield>
  </datafield>
  <datafield tag="260" ind1="0" ind2="0">
   <subfield code="a">Kuala Lumpur: </subfield>
   <subfield code="b">University Malaya, </subfield>
   <subfield code="c">2000.</subfield>
  </datafield>
  <datafield tag="300" ind1=" " ind2=" ">
   <subfield code="a">various pages: </subfield>
   <subfield code="b">ill.col.; </subfield>
   <subfield code="c">30cm.</subfield>
  </datafield>
  <datafield tag="500" ind1="0" ind2="0">
   <subfield code="a">Contents : Corporate debt restructuring, Financial sector restructuring: maximising recovery value, Banking sector reform, The Future of the property sector, Urban governance: the role of universities, Raising productivity in the public sector, The quality of life index, Improving living standards after the crisis</subfield>
  </datafield>
  <datafield tag="610" ind1="1" ind2="0">
   <subfield code="a">Faculty of Economics and Administration University Malaya </subfield>
  </datafield>
  <datafield tag="650" ind1="0" ind2="0">
   <subfield code="a">Economy </subfield>
  </datafield>
  <datafield tag="650" ind1="0" ind2="0">
   <subfield code="a">Seminar paper </subfield>
  </datafield>
 </record>
</collection>
